Music Quiz

Random Music or Album Quiz

A Decade of iTunes (Albums) Quiz Stats

 Plays Quiz Updated Feb 26, 2020

Support Sporcle.
Go Orange.
Score 0/100 Timer 10:00
0 Plays Today
Year Album % Correct
201121
73.8%
201221
73.7%
2004American Idiot
55.9%
2005American Idiot
55.9%
2008Viva La Vida, Or Death and All His Friends
47.3%
2012Red
45.9%
2009The Fame
38.9%
2010The Fame
38.9%
2005X&Y
38.3%
2007Back To Black
38.2%
2006High School Musical
37%
2007High School Musical 2
33.2%
2007Graduation
30.8%
2004Songs About Jane
30.6%
2012Babel
29.4%
2011Born This Way
27.7%
2012Some Nights
26.7%
2011Mylo Xyloto
26%
2012Mylo Xyloto
26%
2012+
25.8%
2006Stadium Arcadium
25.3%
2010Recovery (Deluxe Edition)
25.1%
2011Watch the Throne
25%
2005Hot Fuss
24.9%
2004How To Dismantle An Atomic Bomb
24.1%
2004Elephunk
23.9%
2008Fearless
23.2%
2009Fearless
23.2%
2009Relapse
23%
2006How To Save A Life
22.7%
2009The E.N.D.
21.5%
2010The E.N.D.
21.5%
2005Late Registration
21.3%
2006FutureSex/LoveSounds
18.2%
Year Album % Correct
2005Demon Days
17.6%
2010Speak Now
17.5%
2012Born To Die
17.4%
2010Sigh No More
17.2%
2011Sigh No More
17.2%
2008Only By the Night (Deluxe Edition)
17.1%
2008Only By the Night
17.1%
2009Only By the Night
17.1%
2009Only By the Night (Deluxe Edition)
17.1%
2010My Beautiful Dark Twisted Fantasy
17.1%
2004Encore
16.6%
2010Lungs
16.3%
2007Daughtry
14.8%
2003Speakerboxxx/The Love Below
14.5%
2010Animal
14.5%
2009The Blueprint, Vol. 3
14.2%
2011Doo-Wops and Hooligans
13.9%
2003Room On Fire
12.6%
2006St. Elsewhere
12.5%
2003The Lord Of the Rings: The Return Of the King
12.4%
2008Death Magnetic
12.2%
2011Take Care
11.9%
2012Up All Night
11.8%
2010Need You Now
11.8%
2011Loud
11%
2011Tha Carter IV
10.9%
2005Back To Bedlam
10.8%
2006Back To Bedlam
10.8%
2007Minutes To Midnight
10.8%
2005Monkey Business
10.5%
2006Continuum
10.5%
2005In Between Dreams
10.2%
2004Good News For People Who Love Bad News
10%
2006A Fever You Can't Sweat Out
9.3%
Year Album % Correct
2012Take Me Home
9.2%
2003The Man Comes Around
9.1%
2012The Truth About Love
8.7%
2004Spider-Man 2
8.4%
2004Garden State
8.3%
2005Garden State
8.3%
2010Come Around Sundown
7.9%
2003Life For Rent
7.2%
2008Rockferry
7.1%
2005Confessions On A Dancefloor
7%
2006Eyes Open
7%
2003On and On
6.6%
2008Mamma Mia!
6.5%
2007It Won't Be Soon Before Long
6.2%
2009It's Not Me, It's You
6.1%
2007Shock Value
6%
2006Sing-a-Longs and Lullabies For the Film 'Curious George'
6%
2011Christmas
5.6%
2007Life In Cartoon Motion
5.6%
2004Under My Skin
5.6%
2008Twilight
5.4%
2009Twilight
5.4%
2008Juno
5.4%
2004Contraband
4.6%
2007As I Am
4.2%
2007Coco
4.1%
2008Sleep Through the Static
4%
2003Bare
3.7%
2003Everything To Everyone
2.6%
2003Sacred Love
2.2%
2009The Essential Michael Jackson
2.2%
2003The Very Best Of Sting and the Police
2.1%

You're not logged in!

Compare scores with friends on all Sporcle quizzes.
OR
Log In

From the Vault

X is for Xplosion

by citkeane

Brace yourself, this quiz is an explosion of fun.
Remove Ads.
Support Sporcle.
Get the best of Sporcle when you Go Orange. This ad-free experience offers more features, more stats, and more fun while also helping to support Sporcle. Thank you for becoming a member.

Show Comments

Extras

Top Quizzes Today


Score Distribution

Your Account Isn't Verified!

In order to create a playlist on Sporcle, you need to verify the email address you used during registration. Go to your Sporcle Settings to finish the process.

Report this User

Report this user for behavior that violates our Community Guidelines.

Details: